| 000 | 005770000a22001810004500 | ||
|---|---|---|---|
| 003 | MACL | ||
| 005 | 20160524105821.0 | ||
| 008 | 160524b xxu||||| |||| 00| 0 eng d | ||
| 040 |
_aMACL _cMACL |
||
| 041 | _aHindi | ||
| 082 | _a891.432 KRI | ||
| 100 |
_aकृष्ण _959024 |
||
| 245 |
_aप्रतिनिधि रंगमंचीय एकांकी _cकृष्ण |
||
| 260 |
_bआत्माराम एण्ड संस _c1997 _aनई दिल्ली |
||
| 350 | _a250 | ||
| 650 |
_aDrama _959025 |
||
| 942 |
_cHIN _k800/KRI/D _2ddc |
||
| 999 |
_c12189 _d12189 |
||